000 00885nas a2200289 4500
001 BR9212692
003 BR-BrBNA
005 20231205094749.0
007 ta
008 230509b bl.|||p| |||| 00| 00por d
040 _aBR-BrBNA
_bpor
_cBiblioteca Nacional de Agricultura
041 _a(Pt)
072 _aF62
100 1 _aBezerra, J.E.F.
100 1 _aLederman, I.E.
100 1 _aAguilar, J.A.E.
100 1 _aReis, O.V.
245 1 _aInfluencia da idade de inducao do florescimento e do peso dos filhotes sobre a producao e qualidade do abacaxizeiro "cayenne"
650 _aAbacaxi
650 _aPeso
650 _aPratica Cultural
650 _aFloracao
650 _aInducao
773 0 _tPesquisa Agropecuaria Pernambucana (Brazil)
_xISSN 0100-8501
_g(Jun 1978), v. 2(1) p. 45-55
_wBR9212692
909 _a202311
_bLúcia
_c55
_dLúcia Elande
942 _2AGRIS
_n0
_cANA
999 _c146696
_d146696